Na ďalšiu cestu 20. rokov vzchádzania časopisu Tréner

Bibliographic Details
Main Author: Stráňai, Karol, 1905-1999 (Author)
Format: Article
Language:Slovak
Subjects:

MARC

LEADER 00000nab a2200000 a 4500
001 vtls008962693
003 SK-MaSNL
005 20260303070729.0
008 070309 1977 xo 000 0 slo
015 |a SNBRB1977 
040 |a SNKBUCL  |b slo  |c SNKBUCL  |e AACR2 
041 0 |a slo 
044 |a xo  |c SK 
080 |a 070.48:796  |2 2001 
080 |a 796:070.48  |2 2001 
100 1 |a Stráňai, Karol,  |d 1905-1999  |4 aut  |9 117339 
245 1 0 |a Na ďalšiu cestu  |b 20. rokov vzchádzania časopisu Tréner  |c Karol Stráňai 
630 0 7 |a Tréner (časopis)  |2 snkbucl  |9 1053444 
773 0 |t Tréner  |g Roč. 21, č. 1 (1977), s. 3-5 
999 |c 1756684  |d 1758614